00756nam a2200217 a 450000100060000000300090000600800410001502000150005604000280007108200140009910000280011324500280014126000560016930000110022559000490023665000380028565000370032394200120036099900170037295201490038916113CO-ViMGA141112s2004 ck r 000 u spa d a8476729928 aCO-ViMGAbspacCO-ViMGA04a928 K454c1 aRilke, Rainer M.92304010aCartas a un joven poeta aBarcelona (España) : bEdicomunicación s.a.1999 a319.p. aForma de adquisición : Premio - Mincultura14aCORRESPONDENCIA - MEMORIAS92304114aRILKE, RAINER 1875 - 1926923042 2ddccBK c26038d26038 01102ddc44708003aMEVIECARbMEVIECARd2015-12-04hVolumen. 1 | 11/jun/2009l0o928 K454c p16113r2015-12-04 00:00:00tEj. 1w2015-12-04yBK